000 01240nam a2200337 a 4500
001 000112088
003 CHAP
005 20220329144245.0
008 151203s2015 mx a fsm |||||||spa d
010 _a108549
011 _a109521
040 _cCHAP
090 _aTesis
100 1 _aGodínez Molina, Francisco
_9130207
245 1 0 _aEstudio de las poblaciones de Juniperus blancoi Martínez var. blancoi (Cupressaceae) en el oriente de México
_h[En línea]
_cpor Francisco Godínez molina.
260 _aChapingo, Méx. :
_bEl autor,
_c2015.
500 _aPara ver el contenido del material haga clic en la liga
502 _aTesis (Ing. Forestal) -- UACH. División de Ciencias Forestales
590 _aBATCH-UPD
_b05
_c20151203
_lUCH01
_h0852
590 _aE5995AHE
_b05
_c20151203
_lUCH01
_h0822
590 _aE5995AHE
_b05
_c20151203
_lUCH01
_h0824
590 _aE5995AHE
_b05
_c20151203
_lUCH01
_h0852
650 1 4 _aBosques
_xPuebla.
_914372
650 1 4 _aEcología vegetal.
_935188
650 1 4 _aGimnospermas.
_948066
650 1 4 _aJuniperus blancoi
_xDistribución geográfica
_zPuebla.
_9130212
856 _aFinding aid
_uhttp://10.13.5.2/tesis/sist112088.pdf
_zTeclea aquí
901 _aBK
942 _cTESIS
942 _n0
999 _c108549
_d108549